Cities by photos of street parades - Statistics

General Stats
  • This quiz has been taken 428 times
  • The average score is 7 of 16
Answer Stats
Picture Answer % Correct
Rio de Janeiro
91%
Pyongyang
88%
Hong Kong
73%
New Orleans
62%
Addis Ababa
61%
Edinburgh
59%
Brasilia
44%
Cork
39%
Brussels
34%
Glasgow
33%
Pasadena
27%
Adelaide
24%
Philadelphia
21%
Volgograd
19%
Zurich
16%
Libreville
14%
No matching quizzes found
Score Distribution
Percent of People with Each Score
Percentile by Number Answered
Your Score History
You have not taken this quiz